| 000 | 00895cam a22002174a 4500 | ||
|---|---|---|---|
| 005 | 20250605164045.0 | ||
| 008 | 250528s ||||||||||||||||||||||||d | ||
| 035 | _a17095 | ||
| 020 | _a713136648 | ||
| 040 |
_aGR-AtMCL _bgre _dGR-AtMCL _eAACR2 |
||
| 245 | 1 | _aPractical Statistics | |
| 250 | _a1st | ||
| 260 | _c1988 | ||
| 300 | _a214 | ||
| 520 | _aAn introduction to the concepts and practical uses of statistics aimed at less mathematical readers. Preface, Statistical Methodology, Describing Data, One Sample with One Variable, One Sample with Two Variables, One Sample with Several Variables, Two Samples, Many Samples, Experimental Design, Sampling and Sample Surveys, Quality Control, Computing Aspects of Statistics, Bibliography, Answers to Exercises, Index. | ||
| 700 | 1 |
_aCohen S.S _93235 |
|
| 700 | 1 |
_aEdward Arnold _9242 |
|
| 942 | _cBK | ||
| 999 |
_c2535 _d2535 |
||